Теория и технология формирования неорганических покрытий: монография

Bibliografiske detaljer
Hovedforfatter: Бобров Г. В. Геннадий Васильевич
Andre forfattere: Ильин А. А. Александр Анатольевич, Спектор В. С. Виктор Семенович
Summary:Изложены закономерности направленного изменения или восстановления механических и физико-химических свойств исходных поверхностей изделий в соответствии с их эксплуатационным назначением посредством нанесения покрытий. Рассмотрены две основные технологические схемы, которые позволяют получать покрытия из неорганических материалов различного эксплуатационного назначения: защитные, декоративные, технологические, конструкционные, восстановительные и др. Для аспирантов, научных сотрудников, инженеров, конструкторов и технологов машиностроительных, приборостроительных, радиоэлектронных направлений промышленности.
Sprog:russisk
Udgivet: Москва, Альфа, 2014
Serier:Современные технологии
Fag:
Format: Bog
KOHA link:https://koha.lib.tpu.ru/cgi-bin/koha/opac-detail.pl?biblionumber=269972

MARC

LEADER 00000nam0a2200000 4500
001 269972
005 20231101234314.0
010 |a 9785982814074 
035 |a (RuTPU)RU\TPU\book\293152 
090 |a 269972 
100 |a 20140923d2014 k y0rusy50 ca 
101 0 |a rus 
102 |a RU 
105 |a a z 001zy 
200 1 |a Теория и технология формирования неорганических покрытий  |e монография  |f Г. В. Бобров, А. А. Ильин, В. С. Спектор 
210 |a Москва  |c Альфа  |c Инфра-М  |d 2014 
215 |a 927 с.  |c ил. 
225 1 |a Современные технологии 
320 |a Библиогр.: с. 910-918. 
330 |a Изложены закономерности направленного изменения или восстановления механических и физико-химических свойств исходных поверхностей изделий в соответствии с их эксплуатационным назначением посредством нанесения покрытий. Рассмотрены две основные технологические схемы, которые позволяют получать покрытия из неорганических материалов различного эксплуатационного назначения: защитные, декоративные, технологические, конструкционные, восстановительные и др. Для аспирантов, научных сотрудников, инженеров, конструкторов и технологов машиностроительных, приборостроительных, радиоэлектронных направлений промышленности. 
606 1 |a Неорганические покрытия  |2 stltpush  |3 (RuTPU)RU\TPU\subj\73661  |9 86527 
610 1 |a классификация 
610 1 |a нанесение 
610 1 |a технологические особенности 
610 1 |a твердые тела 
610 1 |a поверхности 
610 1 |a неорганические материалы 
610 1 |a нанесенные покрытия 
610 1 |a качество 
610 1 |a модифицирование 
610 1 |a порошковые покрытия 
610 1 |a газотермическое напыление 
610 1 |a оборудование 
610 1 |a технология 
610 1 |a вакуумная конденсация 
610 1 |a вакуумные конденсационные покрытия 
610 1 |a формирование 
610 1 |a газофазное осаждение 
610 1 |a химическое осаждение 
610 1 |a электрохимическое осаждение 
610 1 |a оксидирование 
610 1 |a фосфатирование 
610 1 |a расплавы 
610 1 |a наплавка 
610 1 |a защитные покрытия 
610 1 |a декоративные покрытия 
610 1 |a конструкционные покрытия 
610 1 |a технологические покрытия 
610 1 |a послеэксплуатационное восстановление 
610 1 |a монографии 
675 |a 621.793  |v 3 
700 1 |a Бобров  |b Г. В.  |g Геннадий Васильевич 
701 1 |a Ильин  |b А. А.  |g Александр Анатольевич 
701 1 |a Спектор  |b В. С.  |g Виктор Семенович 
801 1 |a RU  |b 63413507  |c 20140923 
801 2 |a RU  |b 63413507  |c 20150703  |g RCR 
942 |c BK 
959 |a 130/20140919  |d 2  |e 989,90  |f ЧЗТЛ:1  |f АНЛ:1